000 00700cam a22002533a 4500
001 30843
003 PGUSA
005 20140828083651.0
008 100104s2010||||xxu|||||s|||||000 | eng d
040 _aPGUSA
_beng
042 _adc
050 4 _aBF
100 1 _aFreud, Sigmund,
_d1856-1939
245 1 0 _aMassenpsychologie und Ich-Analyse
_h[electronic resource] /
_cSigmund Freud
260 _bProject Gutenberg,
_c2010
506 _aPublic domain in the USA.
516 _aElectronic text
653 _aPsychoanalysis
653 _aSocial psychology
653 _aEgo (Psychology)
830 0 _aProject Gutenberg
_v30843
856 4 0 _uhttp://www.gutenberg.org/ebooks/30843
942 _cEB
999 _c260098
_d260098